000 00543nam a2200169Ia 4500
005 20250424120221.0
008 250424s9999 xx 000 0 und d
022 _a0852555229
050 _aPR 9344 .R44/
245 0 _aAfrican literature today
260 _a NY : Woodbridge
260 _b Rochester, James Currey
260 _c2012
300 _aix, 195 p. ; 22 cm.
650 _aAfrica--Literature--periodicals. History and criticism--Periodicals. Alienation--Periodicals. Exiles Punishment in literature--Periodicals.
942 _cSR
999 _c38055
_d38055